000 00763cam a2200205 a 4500
001 000002788
005 20200929150245.0
008 750819s1970 ve 001 0 spa
040 _aDO-SdBNP
_cFU
_dDLC
082 _aVE863.08
_bR696o
100 1 _aRodríguez Rodriguez, Adolfo,
_d1938-
_98797
245 1 0 _aOriente en la obra de Romulo Gallegos /
_cAdolfo Rodríguez Rodríguez.
260 _aCaracas, :
_bMinisterio de Educación, Dirección General, Departamento de Publicaciones,
_c1970.
300 _a142 p. :
_bil. ;
_c22 cm.
504 _aIncluye referencias bibliográficas.
600 1 4 _aGALLEGOS FREIRE, RÓMULO,
_d1884 -1969
_98798
650 4 _aCuentos
_xColecciones
_98799
650 4 _aHistorias
_xCuentos
_98800
910 _aCatalogación por copia / LC
999 _c2622
_d2622